Psychorheology of food dispersions

Podrobná bibliografia
Hlavní autori: Štern, Petr, 1946- (Autor), Panovská, Zdeňka (Autor), Pokorný, Jan (Autor)
Médium: Článok
Jazyk:slovenčina
angličtina
Fyzický popis:Obr., tab.
ISSN:0042-790X
Predmet:

MARC

LEADER 00000nab a2200000 a 4500
001 vtls010260024
003 SK-MaSNL
005 20260304162337.0
008 25050715c2010 xo o |||||||||||||||slon
015 |a SNBRB2010/04 
035 |a SVKKK000100118 
035 |a urn:nbn:sk:snk-ab17nz 
035 |a (urnnbn)urn:nbn:sk:snk:ar-a04s15 
035 |a (uuid)9b0df251-c1ca-40e3-9132-4cff37286288 
038 |a SVKKK 
040 |a SNKBUCL  |b slo  |c SNKBUCL  |e AACR2 
041 0 |a eng  |b eng  |b cze 
044 |a xo  |c SK 
080 |a 66.021.2  |2 1997 
080 |a 664.843:635.64  |2 1997 
100 1 |a Štern, Petr,  |d 1946-  |4 aut  |9 776214 
245 1 0 |a Psychorheology of food dispersions  |c Petr Štern, Zdeňka Panovská, Jan Pokorný 
300 |b Obr., tab. 
504 |a Bibliogr. odkazy 
504 |a Res. angl., čes. 
650 0 7 |a psychoreológia  |2 snkbucl  |9 1487738 
650 0 7 |a potravinárske disperzie  |2 snkbucl  |9 135227 
650 0 7 |a paradajkový kečup  |x senzorická analýza  |x reologické charakteristiky  |2 snkbucl  |9 1487739 
700 1 |a Panovská, Zdeňka  |4 aut  |9 766845 
700 1 |a Pokorný, Jan  |4 aut  |9 280943 
773 0 |t Journal of hydrology and hydromechanics  |g Roč. 58, č. 1 (2010), s. 29-35  |x 0042-790X 
850 |a Slovenská národná knižnica 
852 |a Slovenská národná knižnica 
958 |a article27 
958 |a NB 
958 |a OND 
958 |a EUIPO 
999 |c 2974005  |d 2975935